Juan el Bautista : (Record no. 321)
[ view plain ]
| 000 -CABECERA | |
|---|---|
| campo de control de longitud fija | 01104nam a2200229 a 4500 |
| 001 - NÚMERO DE CONTROL | |
| campo de control | 000000322 |
| 005 - FECHA Y HORA DE LA ÚLTIMA TRANSACCIÓN | |
| campo de control | 20240502132913.0 |
| 008 - DATOS DE LONGITUD FIJA--INFORMACIÓN GENERAL | |
| campo de control de longitud fija | 081209s2008 dr 001 0 spa d |
| 040 ## - FUENTE DE LA CATALOGACIÓN | |
| Centro catalogador/agencia de origen | DO-SdBNP |
| Lengua de catalogación | spa |
| Centro/agencia transcriptor | BNPHU |
| 082 ## - NÚMERO DE LA CLASIFICACIÓN DECIMAL DEWEY | |
| Número de clasificación | 291.237 |
| Número de documento/Ítem | P349j |
| 100 1# - ENTRADA PRINCIPAL--NOMBRE DE PERSONA | |
| Nombre de persona | Peña Puello, David |
| 9 (RLIN) | 1088 |
| 245 10 - MENCIÓN DE TÍTULO | |
| Título | Juan el Bautista : |
| Resto del título | la reencarnación y karma del profeta Elías / |
| Mención de responsabilidad, etc. | David Peña Puello. |
| 260 ## - PUBLICACIÓN, DISTRIBUCIÓN, ETC. | |
| Lugar de publicación, distribución, etc. | Santo Domingo : |
| Nombre del editor, distribuidor, etc. | Luz de Luna, |
| Fecha de publicación, distribución, etc. | 2008. |
| 300 ## - DESCRIPCIÓN FÍSICA | |
| Extensión | 234 p. ; |
| Dimensiones | 21 cm. |
| 505 1# - NOTA DE CONTENIDO CON FORMATO | |
| Título | Introductorio -- |
| -- | Reencanación, vida y muerte de Juan el Bautista -- |
| -- | Testimonio de Jesús y los profetas, y la identidad de Juan -- |
| -- | Vida, ascensión mística de Elías y causa de su gran karma -- |
| -- | Hábitos y costumbres de Elías y Juan ratifican la continuidad de vida del espíritu -- |
| -- | El karma como respuesta a que Dios nunca castiga -- |
| -- | Más sobre la vida de Elías. |
| 590 ## - NOTA LOCAL (RLIN) | |
| Nota local | Los 3 primeros ejemplares autografiados por el autor |
| 590 ## - NOTA LOCAL (RLIN) | |
| Nota local | Inventariado, 2018/VM |
| 650 #4 - PUNTO DE ACCESO ADICIONAL DE MATERIA--TÉRMINO DE MATERIA | |
| Término de materia o nombre geográfico como elemento de entrada | Reencarnación |
| 9 (RLIN) | 1089 |
| 650 #0 - PUNTO DE ACCESO ADICIONAL DE MATERIA--TÉRMINO DE MATERIA | |
| Término de materia o nombre geográfico como elemento de entrada | Cristianismo |
| 9 (RLIN) | 885 |
| 600 04 - PUNTO DE ACCESO ADICIONAL DE MATERIA--NOMBRE DE PERSONA | |
| Nombre de persona | JUAN BAUTISTA, |
| Títulos y otros términos asociados al nombre | SANTO |
| 9 (RLIN) | 1090 |
| 600 04 - PUNTO DE ACCESO ADICIONAL DE MATERIA--NOMBRE DE PERSONA | |
| Nombre de persona | ELIAS, |
| Títulos y otros términos asociados al nombre | PROFETA |
| 9 (RLIN) | 1091 |
| Estado de retiro | Estado de pérdida | Restricciones de uso | No para préstamo | Código de colección | Localización permanente | Ubicación/localización actual | Ubicación en estantería | Fecha de adquisición | Número de inventario | Total de préstamos | Signatura topográfica completa | Código de barras | Fecha visto por última vez | Número de copia | Precio válido a partir de | Tipo de ítem Koha |
|---|---|---|---|---|---|---|---|---|---|---|---|---|---|---|---|---|
| Extraviado | Préstamo interno | Préstamo en sala | Dominicana de Servicio | Biblioteca Nacional Pedro Henríquez Ureña | Biblioteca Nacional Pedro Henríquez Ureña | Extraviado | 11.07.2009 | LF1 | 291.237 P349j | 322-30 | 25.06.2020 | e. 3 | 25.06.2020 | Libros y folletos | ||
| Préstamo restrigido | Patrimonio Dominicano | Biblioteca Nacional Pedro Henríquez Ureña | Biblioteca Nacional Pedro Henríquez Ureña | Depósito | 11.07.2009 | LF1 | 291.237 P349j | 322-10 | 25.06.2020 | 25.06.2020 | Libros y folletos | |||||
| Préstamo restrigido | Patrimonio Dominicano | Biblioteca Nacional Pedro Henríquez Ureña | Biblioteca Nacional Pedro Henríquez Ureña | Depósito | 11.07.2009 | LF1 | 291.237 P349j | 322-20 | 25.06.2020 | e. 2 | 25.06.2020 | Libros y folletos |
